000 00745nam1a22002171i 4500
001 rc\1070538
005 20240723225819.0
035 _a(NLR Aleph) 006250579
090 _a6747774
_c6747774
100 _a20041129d1980 u |0rusy50 ca
101 0 _arus
102 _aRU
105 _ay |||||||||
200 1 _aСовершенствование бытового обслуживания сельского населения
_eРетросп. указ. ...
210 _aМ.
_cЦБНТИ
_d1980
215 _d20
225 1 _aБиблиографическая информация
_fМ-во быт. обслуж. населения РСФСР
801 0 _aRU
_bNLR
_gpsbo
801 1 _aRU
_bELAR
_2rusmarc
852 _aNLR
_bС
_jК-1/615
942 _cBOOK